000 00580nam a2200205Ia 4500
005 20250923144554.0
008 008 250917s9999 xx 000 0 eng d
037 _aTextual
040 _aDSWL
_beng
_cDSWL
041 _aeng
_2eng
084 _aY138;, J2
_qDSWL
100 _aZnaniecki, Flavian
_9826221
245 0 _aModern nationalities
_cby Flavian Znaniecki.
260 _aAmerica
_bIllinoes University of illinoes
_c1952
300 _a196p.
365 _aUSD
_b3.96
925 _g3.96
942 _cTEXL
_hY138;, J2
999 _c1440656
_d1440656